[Event "ESP-ch U10"]
[Site "Salobrena"]
[Date "2023.07.06"]
[Round "6"]
[White "Guirado Lara, Pablo"]
[Black "Llamas Rodriguez, Javier"]
[Result "1-0"]
[WhiteElo "1424"]
[BlackElo "1229"]
[PlyCount "81"]
[EventDate "2023.07.03"]
[EventType "swiss"]
[EventRounds "9"]
[EventCountry "ESP"]
[SourceTitle "EXT 2024"]
[Source "ChessBase"]
[SourceDate "2023.10.10"]
[SourceVersion "1"]
[SourceVersionDate "2023.10.10"]
[SourceQuality "1"]

1. e4 e5 2. Nf3 Nf6 3. Nxe5 Nxe4 4. Qe2 Qe7 5. Qxe4 d6 6. d4 dxe5 7. dxe5 Nc6 8. Nc3 Qxe5 9. Qxe5+ Nxe5 10. Nb5 Bb4+ 11. Bd2 Bxd2+ 12. Kxd2 0-0 13. Re1 Rd8+ 14. Kc1 Nc6 15. Nxc7 Rb8 16. Bb5 Bd7 17. Nd5 Be6 18. Bxc6 Bxd5 19. Bxd5 Rxd5 20. Rd1 Rf5 21. f3 Rf6 22. Rd7 Rh6 23. Rhd1 g5 24. h3 Kg7 25. Re1 Rf6 26. Ree7 b6 27. Rxa7 Rd8 28. Rad7 Ra8 29. a3 Rc8 30. Kd2 Kf8 31. Re5 h6 32. Red5 Ke8 33. R7d6 Rc5 34. Rxf6 Rxd5+ 35. Ke2 Re5+ 36. Kf1 Re6 37. Rxe6+ fxe6 38. Ke2 Kd7 39. Kd3 e5 40. Ke4 Ke6 41. c4 1-0

[Event "ESP-ch U10"]
[Site "Salobrena"]
[Date "2023.07.05"]
[Round "5"]
[White "Fuentes De Nova, Sebastian"]
[Black "Guirado Lara, Pablo"]
[Result "1-0"]
[WhiteElo "1608"]
[BlackElo "1424"]
[PlyCount "89"]
[EventDate "2023.07.03"]
[EventType "swiss"]
[EventRounds "9"]
[EventCountry "ESP"]
[SourceTitle "EXT 2024"]
[Source "ChessBase"]
[SourceDate "2023.10.10"]
[SourceVersion "1"]
[SourceVersionDate "2023.10.10"]
[SourceQuality "1"]

1. d4 g6 2. c4 Bg7 3. Nc3 d6 4. e4 Nf6 5. Nf3 0-0 6. Be2 e5 7. d5 a5 8. Bg5 h6 9. Bh4 Na6 10. a3 Qe8 11. Nd2 Bd7 12. 0-0 a4 13. b4 axb3 14. Nxb3 Nh7 15. f3 f5 16. Bf2 f4 17. c5 g5 18. cxd6 cxd6 19. Na5 Qd8 20. Nc4 Qe7 21. Nb6 Rab8 22. Nxd7 Qxd7 23. Qa4 Qxa4 24. Nxa4 Nf6 25. Bxa6 bxa6 26. Nb6 Rf7 27. a4 Rfb7 28. a5 Nd7 29. Rfc1 Bf8 30. Rc6 Nc5 31. Bxc5 dxc5 32. d6 Rd8 33. Rd1 Kf7 34. Rd5 Kg8 35. d7 Kg7 36. Rc8 Be7 37. Rxd8 Bxd8 38. Rxc5 Rxb6 39. axb6 Bxb6 40. Kf1 Bxc5 41. d8Q Bd4 42. Qe7+ Kg6 43. Qe6+ Kg7 44. Qxa6 Kh7 45. Ke2 1-0

[Event "EU-ch U08 30th"]
[Site "Antalya"]
[Date "2022.11.07"]
[Round "2"]
[White "Guirado Lara, Pablo"]
[Black "Llari, Marc"]
[Result "1-0"]
[WhiteElo "1346"]
[BlackElo "1769"]
[PlyCount "106"]
[EventDate "2022.11.06"]
[EventType "swiss"]
[EventRounds "9"]
[EventCountry "TUR"]
[SourceTitle "CBM 211 Extra"]
[Source "ChessBase"]
[SourceDate "2023.01.31"]
[SourceVersion "1"]
[SourceVersionDate "2023.01.31"]
[SourceQuality "1"]

1. e4 Nf6 2. e5 Nd5 3. c4 Nb6 4. d4 d6 5. exd6 exd6 6. Nc3 Be7 7. Be3 0-0 8. Rc1 Nc6 9. Bd3 Nb4 10. Bb1 Nxc4 11. Qe2 Nxe3 12. fxe3 Bf6 13. Nf3 g6 14. 0-0 a6 15. a3 Nc6 16. Nd5 Bg7 17. Kh1 Be6 18. Nf4 Bg4 19. Qc4 Bxf3 20. Rxf3 Qd7 21. Be4 Rfe8 22. Bxc6 bxc6 23. h3 c5 24. Rcf1 cxd4 25. Nd5 Rf8 26. exd4 Rab8 27. b4 Rbc8 28. Nf6+ Bxf6 29. Rxf6 Qb5 30. Qxb5 axb5 31. Rc1 Rfe8 32. Kg1 Kf8 33. Kf2 Ke7 34. Rf3 f5 35. d5 Kd7 36. Re3 Rxe3 37. Kxe3 Re8+ 38. Kf3 Re4 39. Rd1 h5 40. Rd2 h4 41. Rd3 c6 42. Rd1 g5 43. Rd3 c5 44. bxc5 dxc5 45. d6 Rd4 46. Rb3 Kc6 47. Re3 g4+ 48. hxg4 fxg4+ 49. Kf2 Kxd6 50. g3 hxg3+ 51. Rxg3 Kd5 52. Ke3 Kc4 53. Ke2 b4 1-0

[Event "Wch U08"]
[Site "Batumi"]
[Date "2022.09.25"]
[Round "9"]
[White "Koyunoglu, Omer Alp"]
[Black "Guirado Lara, Pablo"]
[Result "1/2-1/2"]
[WhiteElo "1105"]
[BlackElo "1389"]
[PlyCount "29"]
[EventDate "2022.09.16"]
[EventType "swiss"]
[EventRounds "11"]
[EventCountry "GEO"]
[SourceTitle "EXT 2023"]
[Source "ChessBase"]
[SourceDate "2022.10.05"]
[SourceVersion "1"]
[SourceVersionDate "2022.10.05"]
[SourceQuality "1"]

1. e4 e6 2. d4 d5 3. Nc3 Nf6 4. exd5 exd5 5. Bg5 Be7 6. Nf3 h6 7. Bxf6 Bxf6 8. Qd2 Be6 9. 0-0-0 0-0 10. Be2 Bf5 11. a3 Be4 12. Kb1 a6 13. Rhg1 b5 14. g4 Bxf3 15. Bxf3 1/2-1/2

[Event "Wch U08"]
[Site "Batumi"]
[Date "2022.09.24"]
[Round "8"]
[White "Guirado Lara, Pablo"]
[Black "Uilstuguldur, Tsambagarav"]
[Result "1/2-1/2"]
[WhiteElo "1389"]
[BlackElo "1189"]
[PlyCount "63"]
[EventDate "2022.09.16"]
[EventType "swiss"]
[EventRounds "11"]
[EventCountry "GEO"]
[SourceTitle "EXT 2023"]
[Source "ChessBase"]
[SourceDate "2022.10.05"]
[SourceVersion "1"]
[SourceVersionDate "2022.10.05"]
[SourceQuality "1"]

1. e4 c5 2. c3 Nc6 3. d4 cxd4 4. cxd4 e6 5. Nf3 d6 6. Bb5 d5 7. e5 Qa5+ 8. Nc3 Bb4 9. Bxc6+ bxc6 10. Bd2 Bxc3 11. Bxc3 Qb5 12. Qe2 Qxe2+ 13. Kxe2 f6 14. Rhe1 fxe5 15. Nxe5 Ne7 16. Kf1 Rf8 17. Bb4 Bd7 18. Bxe7 Kxe7 19. Rac1 Rac8 20. Re3 Rf4 21. Rg3 Rg8 22. Nxc6+ Bxc6 23. Rxc6 Rxd4 24. Rc7+ Kf6 25. Rxa7 Rc4 26. Rc3 Rxc3 27. bxc3 Rc8 28. Ra3 Rc4 29. Ke2 h5 30. Kf3 g5 31. Ra8 e5 32. a4 1/2-1/2

[Event "ESP-ch Amateurs U1700"]
[Site "Murcia"]
[Date "2022.08.30"]
[Round "1.6"]
[White "Guirado Lara, Pablo"]
[Black "Soliva Ruiz, Ramon"]
[Result "1/2-1/2"]
[WhiteElo "1387"]
[BlackElo "1656"]
[PlyCount "121"]
[EventDate "2022.08.30"]
[EventType "swiss"]
[EventRounds "9"]
[EventCountry "ESP"]
[SourceTitle "EXT 2024"]
[Source "ChessBase"]
[SourceDate "2023.10.10"]
[SourceVersion "1"]
[SourceVersionDate "2023.10.10"]
[SourceQuality "1"]

1. e4 d5 2. exd5 Qxd5 3. Nf3 Nf6 4. Nc3 Qd6 5. Bc4 Bf5 6. d3 a6 7. h3 Nc6 8. Be3 Na5 9. Bb3 Nxb3 10. axb3 Qd8 11. g4 Bg6 12. Qe2 e6 13. Bf4 Bb4 14. Bd2 Nd5 15. Nxd5 Bxd2+ 16. Qxd2 Qxd5 17. Qe2 h5 18. g5 0-0-0 19. 0-0-0 Qa5 20. Kb1 Rd5 21. Qd2 Qxd2 22. Rxd2 Rhd8 23. h4 Rf5 24. Nh2 Rf4 25. Nf1 Rdd4 26. Ne3 Rxh4 27. Rdd1 Rdf4 28. Rxh4 Rxh4 29. Rg1 Rf4 30. Rg2 Bf5 31. Rh2 g6 32. Kc1 c6 33. Kd2 Kd7 34. c3 Rf3 35. Ke2 Rh3 36. Rxh3 Bxh3 37. d4 b5 38. b4 Kd6 39. f4 Ke7 40. Kf3 Bf5 41. Kg3 f6 42. Kh4 fxg5+ 43. Kxg5 Kd6 44. Kh4 Kc7 45. Kg5 Kb6 46. Kh4 a5 47. Kg5 axb4 48. cxb4 Kc7 49. Kh4 Kd7 50. Kg5 Ke7 51. Ng2 Kd6 52. Ne3 Be4 53. Kh4 Ke7 54. Kg5 Kf7 55. Nd1 Bf3 56. Ne3 Be2 57. Ng2 Bd3 58. Ne3 Ke7 59. Ng2 Kd6 60. Ne3 Bf5 61. Kh4 1/2-1/2